000 01326nam a22002417a 4500
003 OSt
005 20220211100450.0
008 141118b xxu||||| |||| 00| 0 eng d
010 _a2011926624
020 _a9781111577537
020 _a1111577536
040 _cLC
050 _aHD31.L84
100 _aLussier, Robert N.
245 _aManagement fundamentals: concepts, applications, skill development. /
_cRobert N. Lussier.
250 _a5th ed.
260 _aLondon:
_bSouth-Western,
_c2012.
300 _axxv, 581 p.:
_bills;
_c25cm
500 _aIncludes index.
505 _aContent: 1. The global management environment: Management and entrepreneurship -- The global environment: culture, ethics, social responsibility and sustainability -- 2. Planning: Creative problem solving and decision making -- Strategic and operational planning -- 3. Organizing: Organizing and delegating work -- Managing change: Innovation and diversity -- Human resources management -- 4. Leading: Organizational behavior: Power, politics, conflict, and stress -- Leading with influence -- Communicating and information technology -- Motivating for high performance -- Team leadership -- -- 5. Controlling: Control systems: Financial and human -- Operations, quality, and productivity --
653 _aManagement
942 _2lcc
_cBK
999 _c8671
_d16171